[Event "4NCL Online Division 5"]
[Site "online"]
[Date "2020.09.08"]
[Round "2.32"]
[White "Hilditch-Love, Daniel"]
[Black "Pankaj Tomar"]
[Result "0-1"]
[WhiteElo "1682"]
[BlackElo "1787"]
[PlyCount "78"]
[EventDate "2020.09.08"]
[WhiteTeam "Shropshire 4"]
[BlackTeam "Wessex Some Stars D"]

1. Nf3 e6 2. c4 Be7 3. g3 Nf6 4. Bg2 d5 5. d4 O-O 6. Nc3 dxc4 7. Ne5 c5 8. e3
cxd4 9. exd4 Qc7 10. Qe2 Nc6 11. Bxc6 bxc6 12. Qxc4 c5 13. Bf4 Bb7 14. O-O Nd5
15. dxc5 Nxf4 16. Qxf4 Qxc5 17. Qe3 Qxe3 18. fxe3 Bf6 19. Nd7 Bxc3 20. Nxf8 Bd2
21. Kf2 Kxf8 22. Rfd1 Rd8 23. Rac1 Rd3 24. Ke2 Bxc1 25. Kxd3 Bxb2 26. Rb1 Ba6+
27. Ke4 Ba3 28. Rb3 Bc5 29. h4 f5+ 30. Ke5 Ke7 31. Kf4 Bc4 32. Rb7+ Kf6 33. Rb2
Bd5 34. e4 e5+ 35. Kf3 Bxe4+ 36. Ke2 Bd4 37. Rb8 f4 38. gxf4 exf4 39. Rb4 f3+
0-1

[Event "4NCL Online Division 5"]
[Site "online"]
[Date "2020.09.08"]
[Round "2.33"]
[White "Stuart, Graham"]
[Black "Priestley, Stephen"]
[Result "1/2-1/2"]
[WhiteElo "1772"]
[BlackElo "1637"]
[PlyCount "146"]
[EventDate "2020.09.08"]
[WhiteTeam "Wessex Some Stars D"]
[BlackTeam "Shropshire 4"]

1. e4 e5 2. Nf3 f5 3. Nxe5 Nf6 4. Bc4 Qe7 5. d4 Nc6 6. Nxc6 Qxe4+ 7. Qe2 dxc6
8. Qxe4+ Nxe4 9. f3 Nd6 10. Bd3 Bd7 11. c4 O-O-O 12. Nc3 Re8+ 13. Kf2 g6 14.
Bd2 Bg7 15. Ne2 Rhf8 16. Bc3 Ne4+ 17. Bxe4 fxe4 18. f4 g5 19. Ke3 gxf4+ 20.
Nxf4 Bh6 21. Rhf1 Be6 22. b3 Bf5 23. h3 Bg7 24. Rac1 Bh6 25. g4 Bg6 26. h4
Bxf4+ 27. Rxf4 Rxf4 28. Kxf4 Rf8+ 29. Kg5 e3 30. h5 Bd3 31. Rd1 Bc2 32. Re1 Rf3
33. Kh6 Bd3 34. g5 e2 35. g6 hxg6 36. hxg6 Rh3+ 37. Kg5 Rg3+ 38. Kf4 Rxg6 39.
Ke3 Rg3+ 40. Kf2 Rh3 41. Kg2 Bf5 42. Bd2 Bg4 43. Rxe2 Bxe2 44. Kxh3 Bd3 45. a3
c5 46. dxc5 Bc2 47. b4 Bb3 48. Kg3 Kd7 49. Kf4 Ke6 50. Be3 Bxc4 51. Bd4 Kd5 52.
Ke3 Bb5 53. Bb2 Kc4 54. Kd2 Kb3 55. Kc1 Bd3 56. Be5 Kxa3 57. Bc3 Kb3 58. Be1 b6
59. cxb6 cxb6 60. Bd2 Bc2 61. Be1 Be4 62. Bd2 Ka4 63. Kb2 a6 64. Be1 Kb5 65.
Kc3 Bg6 66. Kb3 Bf7+ 67. Kc3 a5 68. bxa5 bxa5 69. Kb2 a4 70. Ka1 Kc4 71. Bh4
Kb3 72. Be7 a3 73. Bxa3 Kxa3 1/2-1/2

[Event "4NCL Online Division 5"]
[Site "online"]
[Date "2020.09.08"]
[Round "2.34"]
[White "Birch, James"]
[Black "Hillman, Graham"]
[Result "1/2-1/2"]
[WhiteElo "1570"]
[BlackElo "1690"]
[PlyCount "80"]
[EventDate "2020.09.08"]
[WhiteTeam "Shropshire 4"]
[BlackTeam "Wessex Some Stars D"]

1. c4 f5 2. g3 Nf6 3. Bg2 e6 4. Nc3 Be7 5. Nf3 d6 6. d3 c6 7. O-O O-O 8. a3 a5
9. Be3 Nbd7 10. h3 Nh5 11. Nd4 Ne5 12. Qd2 Ng6 13. Bf3 Nf6 14. Kh2 e5 15. Nc2
f4 16. gxf4 Nxf4 17. Bxf4 exf4 18. Rg1 Qd7 19. Bg4 Nxg4+ 20. hxg4 d5 21. cxd5
cxd5 22. f3 Bc5 23. d4 Be7 24. Kg2 h5 25. Qd3 hxg4 26. Rh1 gxf3+ 27. Kf2 Qf5
28. Qxf5 Rxf5 29. exf3 Bd7 30. b4 axb4 31. Nxb4 Bxb4 32. axb4 Rxa1 33. Rxa1 Be6
34. Nb5 Bd7 35. Nd6 Rh5 36. Ra8+ Kh7 37. Nxb7 Rh2+ 38. Kg1 Rb2 39. Nc5 Bb5 40.
Rd8 Bc4 1/2-1/2

[Event "4NCL Online Division 5"]
[Site "online"]
[Date "2020.09.08"]
[Round "2.41"]
[White "Hughes, Colin"]
[Black "Eames, Robert S"]
[Result "1/2-1/2"]
[WhiteElo "1817"]
[BlackElo "2267"]
[PlyCount "110"]
[EventDate "2020.09.08"]
[WhiteTeam "Uxbridge Knights B"]
[BlackTeam "Hackney Thirsty"]

1. c4 b6 2. Nf3 Bb7 3. e3 e6 4. d4 f5 5. Nc3 Nf6 6. Bd3 Bb4 7. Bd2 O-O 8. O-O
a5 9. a3 Bd6 10. Nb5 Be7 11. Rc1 Ne4 12. Qc2 Na6 13. Nc3 Nxd2 14. Nxd2 Bd6 15.
f4 g5 16. Nb5 gxf4 17. exf4 Qh4 18. Nxd6 cxd6 19. Qd1 Rf6 20. Qe1 Qh6 21. g3
Rg6 22. Be2 Kh8 23. Bf3 Bxf3 24. Rxf3 Qg7 25. Qf2 Nb8 26. Rd3 Nc6 27. Nf3 a4
28. c5 bxc5 29. dxc5 d5 30. b4 axb3 31. Rxb3 Qf6 32. Re1 Rgg8 33. Ne5 Nxe5 34.
fxe5 Qe7 35. Rc1 Ra4 36. c6 dxc6 37. Rxc6 f4 38. Rbc3 fxg3 39. hxg3 Rag4 40.
Rf3 Qg5 41. Rxe6 Rxg3+ 42. Rxg3 Qxg3+ 43. Qxg3 Rxg3+ 44. Kf2 Rxa3 45. Rd6 Ra5
46. Rd7 Ra6 47. Rxd5 Kg7 48. Kf3 Ra4 49. Rd7+ Kg6 50. Ke3 h5 51. e6 Kf6 52. e7
Kf7 53. Kf3 Ra6 54. Rd5 Kxe7 55. Rxh5 Ra3+ 1/2-1/2

[Event "4NCL Online Division 5"]
[Site "online"]
[Date "2020.09.08"]
[Round "2.42"]
[White "Mackle, Dominic"]
[Black "Price, Michael C"]
[Result "1-0"]
[WhiteElo "2192"]
[BlackElo "1747"]
[PlyCount "43"]
[EventDate "2020.09.08"]
[WhiteTeam "Hackney Thirsty"]
[BlackTeam "Uxbridge Knights B"]

1. d4 d5 2. Bf4 b6 3. e3 Bb7 4. Nf3 Nf6 5. Ne5 e6 6. c3 Be7 7. Nd2 O-O 8. Bd3
Nbd7 9. Qf3 c5 10. h4 Rc8 11. g4 cxd4 12. exd4 Nc5 13. dxc5 Bxc5 14. g5 Nd7 15.
Nb3 Ba8 16. O-O-O d4 17. Be4 dxc3 18. Nxd7 cxb2+ 19. Kxb2 Bxe4 20. Qxe4 Qe7 21.
Rhg1 Bb4 22. Nf6+ 1-0

[Event "4NCL Online Division 5"]
[Site "online"]
[Date "2020.09.08"]
[Round "2.43"]
[White "Knight, David"]
[Black "Baumann, Tobias"]
[Result "0-1"]
[WhiteElo "1705"]
[BlackElo "2005"]
[PlyCount "126"]
[EventDate "2020.09.08"]
[WhiteTeam "Uxbridge Knights B"]
[BlackTeam "Hackney Thirsty"]

1. c4 c5 2. Nf3 Nc6 3. Nc3 Nf6 4. g3 g6 5. Bg2 Bg7 6. O-O O-O 7. d4 cxd4 8.
Nxd4 Qb6 9. e3 d6 10. h3 Bd7 11. b3 Rac8 12. Bb2 Ne5 13. Nce2 Nxc4 14. Bc3 Ne5
15. Qd2 Bc6 16. Nxc6 Nxc6 17. Rfd1 Nd7 18. Bxg7 Kxg7 19. Nc3 Nf6 20. Qb2 Ne5
21. Ne2 Nc4 22. Qb1 Ne5 23. Nd4 Rc7 24. Rd2 Rfc8 25. Qb2 Rc3 26. Rad1 a5 27.
Ne2 R3c7 28. Nd4 Nc6 29. Ne2 Nb4 30. a3 Rc2 31. Rxc2 Rxc2 32. Qd4 Qc7 33. axb4
Rxe2 34. bxa5 Qxa5 35. b4 Qa2 36. Rf1 b5 37. Qd3 Qc4 38. Qb1 Rc2 39. Re1 Qa2
40. Qxa2 Rxa2 41. Rb1 d5 42. Bf1 Ne4 43. Rd1 e6 44. f3 Nc3 45. Rc1 Ne2+ 46.
Bxe2 Rxe2 47. Rc5 Rxe3 48. Kf2 Rb3 49. Rxb5 Kf6 50. Rb7 d4 51. b5 Rb2+ 52. Ke1
h5 53. b6 Ke5 54. f4+ Ke4 55. Rxf7 Ke3 56. Kd1 d3 57. Kc1 Rxb6 58. Rd7 Rc6+ 59.
Kd1 Ra6 60. Kc1 Ra1+ 61. Kb2 Rg1 62. Kc3 Rc1+ 63. Kb2 d2 0-1

[Event "4NCL Online Division 5"]
[Site "online"]
[Date "2020.09.08"]
[Round "2.44"]
[White "Robinson, Adam"]
[Black "Knight, Daniel"]
[Result "1-0"]
[WhiteElo "1997"]
[BlackElo "1705"]
[PlyCount "89"]
[EventDate "2020.09.08"]
[WhiteTeam "Hackney Thirsty"]
[BlackTeam "Uxbridge Knights B"]

1. e4 d5 2. exd5 Nf6 3. Nc3 Bg4 4. Nf3 Nxd5 5. h3 Nxc3 6. bxc3 Bh5 7. Rb1 b6 8.
d3 Qd5 9. g4 Bg6 10. Bg2 Qxa2 11. Be3 Nd7 12. Nd4 e5 13. Bxa8 exd4 14. cxd4 Qe6
15. d5 Qf6 16. Bc6 a5 17. Qe2 Be7 18. Bd2 Qd6 19. Bxa5 O-O 20. Bb4 Nc5 21. d4
Qf6 22. dxc5 bxc5 23. Bd2 Bd6 24. Be3 Be4 25. Rf1 Bg2 26. Rg1 Bf3 27. Qd3 Bh2
28. Rf1 Bg2 29. Kd2 Bxf1 30. Rxf1 Bd6 31. g5 Qb2 32. Qb3 Qe5 33. f4 Qe4 34. Qd3
Qg2+ 35. Rf2 Qxh3 36. f5 Qg4 37. f6 c4 38. Qf5 c3+ 39. Kxc3 Qb4+ 40. Kd3 Qa3+
41. Ke2 Qa6+ 42. Kf3 Qa1 43. fxg7 Qd1+ 44. Kg2 Rb8 45. Qxf7# 1-0

[Event "4NCL Online Division 5"]
[Site "online"]
[Date "2020.09.08"]
[Round "2.51"]
[White "Gemmell, Adam"]
[Black "Dhemrait, Surjit S"]
[Result "0-1"]
[WhiteElo "1382"]
[BlackElo "1518"]
[PlyCount "70"]
[EventDate "2020.09.08"]
[WhiteTeam "St Albans 4"]
[BlackTeam "Harrow 4"]

1. e4 e5 2. Bc4 Nf6 3. d3 a6 4. a4 Be7 5. Nc3 c6 6. Nge2 O-O 7. O-O d5 8. exd5
Nxd5 9. b3 Be6 10. Bb2 Bg4 11. Qd2 Bb4 12. f3 Be6 13. d4 Qa5 14. Kh1 Rd8 15.
Bxd5 Rxd5 16. Qe3 Bxc3 17. Bxc3 Qb6 18. a5 Qc7 19. dxe5 Nd7 20. Nf4 Rb5 21.
Nxe6 fxe6 22. Rfe1 Rf8 23. Rad1 Rf5 24. f4 Nf8 25. Rf1 Ng6 26. Rd6 Qf7 27. Rd8+
Nf8 28. g4 Qe7 29. Qd4 Rf7 30. f5 Rd5 31. Rxd5 exd5 32. e6 Nxe6 33. Qd2 Ng5 34.
Qd4 Qe4+ 35. Kg1 Nh3# 0-1

[Event "4NCL Online Division 5"]
[Site "online"]
[Date "2020.09.08"]
[Round "2.52"]
[White "Nettleton, Robin"]
[Black "Maton, James J"]
[Result "0-1"]
[WhiteElo "1335"]
[BlackElo "1370"]
[PlyCount "94"]
[EventDate "2020.09.08"]
[WhiteTeam "Harrow 4"]
[BlackTeam "St Albans 4"]

1. d4 Nf6 2. Bf4 d5 3. e3 c6 4. Bxb8 Rxb8 5. c3 Bf5 6. Bd3 Qd7 7. Qc2 Bxd3 8.
Qxd3 e6 9. Nd2 Bd6 10. Ngf3 c5 11. e4 dxe4 12. Nxe4 Nxe4 13. Qxe4 O-O 14. Ng5
g6 15. Qh4 h5 16. Ne4 Be7 17. Nf6+ Bxf6 18. Qxf6 cxd4 19. Qxd4 Rfd8 20. O-O-O
Qc7 21. Qe3 b5 22. Rxd8+ Rxd8 23. Rd1 Rxd1+ 24. Kxd1 Qxh2 25. Qxa7 Qxg2 26.
Qb8+ Kg7 27. Qe5+ Kh7 28. Qf6 Qd5+ 29. Ke2 Kg8 30. b3 Qe4+ 31. Kd2 h4 32. Qd8+
Kg7 33. Qb8 h3 34. Qg3 Qg2 35. Qe5+ Kh7 36. Qf6 Qd5+ 37. Ke2 Qf5 38. Qh4+ Kg7
39. Qd4+ Kh6 40. Qh8+ Kg5 41. Qd8+ f6 42. Qb6 h2 43. Qe3+ Qf4 44. Qh3 Qg4+ 45.
Qf3 Qxf3+ 46. Kxf3 h1=Q+ 47. Ke3 Qd5 0-1

[Event "4NCL Online Division 5"]
[Site "online"]
[Date "2020.09.08"]
[Round "2.53"]
[White "Harris, Stuart"]
[Black "Shah, Kyal"]
[Result "1-0"]
[WhiteElo "1150"]
[BlackElo "1271"]
[PlyCount "91"]
[EventDate "2020.09.08"]
[WhiteTeam "St Albans 4"]
[BlackTeam "Harrow 4"]

1. e4 e5 2. Nf3 Nf6 3. d3 Nc6 4. g3 Bd6 5. Bh3 O-O 6. O-O b6 7. Nc3 a6 8. Bg5
Be7 9. d4 d6 10. Bxc8 Qxc8 11. d5 Nd8 12. Nh4 Qd7 13. Nf5 h6 14. Nxe7+ Qxe7 15.
Be3 Nb7 16. b4 Qd7 17. Kg2 Ng4 18. Bd2 b5 19. f4 a5 20. bxa5 Nxa5 21. f5 Nf6
22. g4 g5 23. a3 Nc4 24. Qc1 b4 25. Bxg5 Nh7 26. Bxh6 bxc3 27. Bxf8 Rxf8 28.
Qh6 f6 29. h4 Qg7 30. Qg6 Qxg6 31. fxg6 Ne3+ 32. Kf2 Nxf1 33. Rxf1 Ng5 34. hxg5
fxg5+ 35. Kg2 Rxf1 36. Kxf1 Kg7 37. a4 Kxg6 38. a5 Kf7 39. a6 Ke7 40. a7 Kd7
41. a8=Q c6 42. Qxc6+ Kd8 43. Qxd6+ Kc8 44. Qe7 Kb8 45. d6 Kc8 46. Qc7# 1-0

[Event "4NCL Online Division 5"]
[Site "online"]
[Date "2020.09.08"]
[Round "2.54"]
[White "Walker, David J R"]
[Black "Azizollahoff, Noah"]
[Result "1-0"]
[WhiteElo "1240"]
[BlackElo "1075"]
[PlyCount "91"]
[EventDate "2020.09.08"]
[WhiteTeam "Harrow 4"]
[BlackTeam "St Albans 4"]

1. d4 d5 2. c4 dxc4 3. Nc3 Nf6 4. e4 e6 5. a3 Nc6 6. Nf3 Be7 7. Bxc4 O-O 8. O-O
Na5 9. Ba2 b6 10. Qd3 Bb7 11. Bb1 Qd7 12. e5 g6 13. exf6 Bxf6 14. Re1 Rfd8 15.
Bc2 c5 16. Rd1 cxd4 17. Nb5 Ba6 18. a4 e5 19. Qe4 Bb7 20. Qe2 a6 21. Na3 Rac8
22. Bh6 Qc6 23. Re1 Re8 24. Be4 Qxa4 25. Bxb7 Nxb7 26. Rad1 Nc5 27. Nxd4 exd4
28. Qf3 Rxe1+ 29. Rxe1 Bg7 30. Bxg7 Kxg7 31. h3 Ne6 32. Qd5 Rd8 33. Qe5+ Kh6
34. Qe2 d3 35. Qd2+ Kg7 36. Re3 Nc5 37. Qc3+ Kg8 38. Nc4 Qc2 39. Qf6 Rf8 40.
Qd4 b5 41. Nd2 Qxd2 42. Qxc5 Rd8 43. Qb6 Rd7 44. Qc6 Rd4 45. Qf6 Qxb2 46. Re8#
1-0

[Event "4NCL Online Division 5"]
[Site "online"]
[Date "2020.09.08"]
[Round "2.61"]
[White "Stoica, Savas Marin"]
[Black "Butina, Darko"]
[Result "1-0"]
[WhiteElo "2042"]
[BlackElo "1460"]
[PlyCount "55"]
[EventDate "2020.09.08"]
[WhiteTeam "Barnet Knights A"]
[BlackTeam "Broken Herts"]

1. d4 e6 2. c4 d6 3. e4 Ne7 4. Nc3 a6 5. Nf3 h6 6. Be2 Nd7 7. h3 g6 8. Bf4 g5
9. Bh2 Ng6 10. Rc1 b6 11. b4 Bb7 12. O-O Bg7 13. c5 O-O 14. cxd6 cxd6 15. Bxd6
Re8 16. Bh2 b5 17. a4 bxa4 18. Qxa4 Rc8 19. Rfd1 Nb6 20. Qa5 Nd7 21. Qa2 Kh8
22. b5 axb5 23. Bxb5 Ra8 24. Qb1 Nf6 25. Bxe8 Qxe8 26. Qxb7 Rb8 27. Qxb8 Qxb8
28. Bxb8 1-0

[Event "4NCL Online Division 5"]
[Site "online"]
[Date "2020.09.08"]
[Round "2.62"]
[White "Gilmour, Ian"]
[Black "Rasalingam, Haran"]
[Result "0-1"]
[WhiteElo "1412"]
[BlackElo "2065"]
[PlyCount "42"]
[EventDate "2020.09.08"]
[WhiteTeam "Broken Herts"]
[BlackTeam "Barnet Knights A"]

1. d4 f5 2. Bf4 Nf6 3. Nc3 a6 4. e3 d5 5. Nf3 e6 6. Ne5 c5 7. Be2 Be7 8. Bh5+
g6 9. Be2 Nc6 10. h4 cxd4 11. Nxc6 bxc6 12. Qxd4 h5 13. Na4 Qa5+ 14. Nc3 O-O
15. Bh6 Rf7 16. a3 Rb8 17. O-O-O Rxb2 18. Kxb2 Bxa3+ 19. Ka1 e5 20. Qa4 Qxc3+
21. Ka2 Qb2# 0-1

[Event "4NCL Online Division 5"]
[Site "online"]
[Date "2020.09.08"]
[Round "2.63"]
[White "Covey, Jason"]
[Black "Cooper, John L"]
[Result "1-0"]
[WhiteElo "1990"]
[BlackElo "1225"]
[PlyCount "63"]
[EventDate "2020.09.08"]
[WhiteTeam "Barnet Knights A"]
[BlackTeam "Broken Herts"]

1. d4 d5 2. Nc3 e6 3. e4 Bb4 4. exd5 exd5 5. Bd3 Nf6 6. Nge2 O-O 7. O-O Bg4 8.
Bg5 Qd6 9. Bxf6 gxf6 10. f3 Bh5 11. Ng3 Bg6 12. Nf5 Bxf5 13. Bxf5 Bxc3 14. bxc3
Qf4 15. Qd3 Qh6 16. Rfe1 Nc6 17. Rab1 Rfe8 18. Bd7 Rxe1+ 19. Rxe1 Rd8 20. Bxc6
bxc6 21. Re7 Kf8 22. Qe2 Qc1+ 23. Kf2 Qa3 24. Rxc7 Re8 25. Qd2 Kg7 26. Rxc6
Qxa2 27. h4 Qa4 28. Rd6 Qa2 29. h5 h6 30. Rd7 a5 31. Qd3 Rg8 32. Qg6+ 1-0

[Event "4NCL Online Division 5"]
[Site "online"]
[Date "2020.09.08"]
[Round "2.64"]
[White "Shergill, Ranjit"]
[Black "Eedle, Eric F"]
[Result "0-1"]
[WhiteElo "1037"]
[BlackElo "1787"]
[PlyCount "144"]
[EventDate "2020.09.08"]
[WhiteTeam "Broken Herts"]
[BlackTeam "Barnet Knights A"]

1. e4 c5 2. g3 Nc6 3. Nf3 d6 4. Bg2 g6 5. O-O Bg7 6. Nc3 Nf6 7. d3 O-O 8. Be3
a6 9. b3 Ng4 10. Bd2 Rb8 11. a3 b5 12. Rb1 b4 13. axb4 Nxb4 14. Qc1 Bb7 15. Bh3
h5 16. Bg2 Qd7 17. h3 Ne5 18. Nh2 Rfd8 19. Bh6 Bh8 20. Bf4 Nec6 21. Nd5 Nd4 22.
Qd2 Bxd5 23. c3 Nxb3 24. Qe2 Be6 25. cxb4 Nd4 26. Qd2 cxb4 27. Rxb4 Rxb4 28.
Qxb4 Bxh3 29. Kh1 Bxg2+ 30. Kxg2 Qb5 31. Qa3 Rc8 32. Rc1 Rxc1 33. Qxc1 Qxd3 34.
Qc8+ Kh7 35. f3 Qc2+ 36. Qxc2 Nxc2 37. Kf2 a5 38. Bc1 a4 39. Nf1 a3 40. Nd2 a2
41. Nb3 a1=Q 42. Nxa1 Nxa1 43. Ke3 Nb3 44. Ba3 Nc5 45. Bb4 f5 46. Kf4 Nd3+ 47.
Ke3 Nxb4 48. exf5 gxf5 49. f4 Kg6 50. Kf3 Bf6 51. Ke3 e5 52. Kf3 e4+ 53. Ke3 d5
54. Kd2 d4 55. Ke2 d3+ 56. Ke3 Nd5+ 57. Kd2 h4 58. gxh4 Bxh4 59. Kc1 e3 60. Kd1
Nxf4 61. Kc1 d2+ 62. Kb2 e2 63. Kc3 d1=Q 64. Kc4 Qd5+ 65. Kc3 e1=Q+ 66. Kb2
Qdd2+ 67. Kb3 Qee3+ 68. Kc4 Qdd4+ 69. Kb5 Qee5+ 70. Kc6 Qdd6+ 71. Kb7 Qee7+ 72.
Kc8 Qdd8# 0-1

[Event "4NCL Online Division 5"]
[Site "online"]
[Date "2020.09.08"]
[Round "2.71"]
[White "Green, Tom D A"]
[Black "Barry, Brendan"]
[Result "1-0"]
[WhiteElo "1873"]
[BlackElo "1315"]
[PlyCount "59"]
[EventDate "2020.09.08"]
[WhiteTeam "Manchester Manticores 2"]
[BlackTeam "Hatch End B"]

1. e4 e5 2. f4 d6 3. Nf3 Nc6 4. Bc4 Be6 5. Bxe6 fxe6 6. fxe5 d5 7. exd5 Qxd5 8.
Nc3 Qd7 9. d4 O-O-O 10. Be3 Bb4 11. O-O Nge7 12. a3 Bxc3 13. bxc3 Nd5 14. Qd2
Na5 15. Bg5 Nc4 16. Qe1 Rdf8 17. Nd2 Rxf1+ 18. Qxf1 Nce3 19. Bxe3 Nxe3 20. Qd3
Nf5 21. Ne4 Qd5 22. Rb1 b6 23. Qa6+ Kd7 24. Qa4+ Kd8 25. Qxa7 Rf8 26. Qb8+ Ke7
27. Qxc7+ Ke8 28. Nd6+ Nxd6 29. exd6 b5 30. Qe7# 1-0

[Event "4NCL Online Division 5"]
[Site "online"]
[Date "2020.09.08"]
[Round "2.72"]
[White "Shah, Ashok"]
[Black "Lonsdale, Jon I"]
[Result "0-1"]
[WhiteElo "1210"]
[BlackElo "1922"]
[PlyCount "64"]
[EventDate "2020.09.08"]
[WhiteTeam "Hatch End B"]
[BlackTeam "Manchester Manticores 2"]

1. e4 c5 2. Nc3 Nc6 3. Nf3 e5 4. d3 Be7 5. Be2 Nf6 6. Ng5 d5 7. Be3 d4 8. Nd5
dxe3 9. Nxf6+ Bxf6 10. h4 exf2+ 11. Kxf2 Bxg5 12. g3 Bh6 13. Qg1 O-O 14. Rf1
Qd4+ 15. Ke1 Qxb2 16. Qxc5 Nd4 17. Kf2 Qxc2 18. Qxc2 Nxc2 19. Kg1 Be6 20. Rh2
Nd4 21. Bh5 b5 22. g4 Bf4 23. Rh3 g6 24. Bxg6 fxg6 25. h5 Bxg4 26. Rh4 gxh5 27.
Kg2 Rac8 28. Rg1 Rc2+ 29. Kh1 Kh8 30. Rf1 Rfc8 31. Rg1 Nf3 32. Rhxg4 Rh2# 0-1

[Event "4NCL Online Division 5"]
[Site "online"]
[Date "2020.09.08"]
[Round "2.73"]
[White "Sheppard, Daniel C"]
[Black "Scales, Barry"]
[Result "1-0"]
[WhiteElo "1832"]
[BlackElo "1142"]
[PlyCount "59"]
[EventDate "2020.09.08"]
[WhiteTeam "Manchester Manticores 2"]
[BlackTeam "Hatch End B"]

1. d4 d5 2. Nc3 Nf6 3. Bf4 Nc6 4. Nb5 e5 5. Bxe5 Bd6 6. Nxd6+ cxd6 7. Bg3 Bf5
8. c3 Ne4 9. e3 Nxg3 10. hxg3 a6 11. Qb3 Na5 12. Qxd5 g6 13. g4 Be6 14. Qf3 d5
15. Bd3 Qd6 16. Qf6 Kd7 17. Nf3 Nc6 18. g5 Qe7 19. Qxe7+ Nxe7 20. Kd2 Nc6 21.
e4 dxe4 22. Bxe4 Bf5 23. Bxf5+ gxf5 24. Rae1 Ne7 25. Ne5+ Ke8 26. g6 h6 27.
Nxf7 Rg8 28. Nxh6 Rxg6 29. Nxf5 Rxg2 30. Rxe7+ 1-0

[Event "4NCL Online Division 5"]
[Site "online"]
[Date "2020.09.08"]
[Round "2.74"]
[White "Smyth, Peter"]
[Black "Potter, Steven"]
[Result "0-1"]
[WhiteElo "1000"]
[BlackElo "1832"]
[PlyCount "20"]
[EventDate "2020.09.08"]
[WhiteTeam "Hatch End B"]
[BlackTeam "Manchester Manticores 2"]

1. e4 e6 2. Nc3 b6 3. Qf3 Bb7 4. Nh3 Qf6 5. Nf4 Nc6 6. Bd3 Ne5 7. O-O Nxf3+ 8.
gxf3 Qxf4 9. Bb5 Bd6 10. d4 Qxh2# 0-1

[Event "4NCL Online Division 5"]
[Site "online"]
[Date "2020.09.08"]
[Round "2.81"]
[White "Holland, Nicolas"]
[Black "Gauri, Dhairye"]
[Result "0-1"]
[WhiteElo "1150"]
[BlackElo "1412"]
[PlyCount "50"]
[EventDate "2020.09.08"]
[WhiteTeam "Watford Juniors B"]
[BlackTeam "Uxbridge Bombers B"]

1. e4 e5 2. Nf3 Nc6 3. Nc3 Nf6 4. Bc4 Be7 5. O-O O-O 6. d3 h6 7. Bb5 d6 8. Be3
a6 9. Bxc6 bxc6 10. a3 Bb7 11. b4 d5 12. Nxe5 dxe4 13. dxe4 Bd6 14. Bf4 c5 15.
Rb1 Bxe4 16. Re1 Bg6 17. bxc5 Bxc5 18. Qxd8 Raxd8 19. Rbc1 Bxa3 20. Nxg6 Bxc1
21. Nxf8 Bxf4 22. Ne6 fxe6 23. Rxe6 a5 24. Re4 Nxe4 25. Nxe4 Rd1# 0-1

[Event "4NCL Online Division 5"]
[Site "online"]
[Date "2020.09.08"]
[Round "2.83"]
[White "Shah, Prem C"]
[Black "Bhat, Advay"]
[Result "1-0"]
[WhiteElo "1037"]
[BlackElo "1382"]
[PlyCount "85"]
[EventDate "2020.09.08"]
[WhiteTeam "Watford Juniors B"]
[BlackTeam "Uxbridge Bombers B"]

1. d4 d5 2. e4 dxe4 3. Nc3 Nf6 4. f3 c5 5. fxe4 Qxd4 6. Qxd4 cxd4 7. Nb5 Nc6 8.
Nc7+ Kd8 9. Nxa8 Nxe4 10. Bd3 f5 11. Bxe4 fxe4 12. Bf4 e5 13. Bg5+ Be7 14.
Bxe7+ Nxe7 15. O-O-O Nc6 16. Re1 b6 17. Rxe4 Bb7 18. Nxb6 axb6 19. Nf3 Nb4 20.
Rxe5 Bxf3 21. gxf3 Nxa2+ 22. Kb1 Nb4 23. Rd1 Nc6 24. Rb5 Kc7 25. Ka2 Ra8+ 26.
Kb3 Na5+ 27. Kb4 Nc6+ 28. Kc4 Ra4+ 29. Kd5 Ne7+ 30. Ke6 Nc6 31. Kf7 Na7 32. Rd5
Nc8 33. R1xd4 Ra7 34. Rc4+ Kb7 35. Rd7+ Kb8 36. Rxc8+ Kxc8 37. Rxa7 g5 38. Kf6
h6 39. Rh7 b5 40. Ke6 h5 41. Kd6 h4 42. Kc6 g4 43. Rh8# 1-0

[Event "4NCL Online Division 5"]
[Site "online"]
[Date "2020.09.08"]
[Round "2.91"]
[White "Freund, Michael P"]
[Black "Chung, Michael"]
[Result "1-0"]
[WhiteElo "1770"]
[BlackElo "1630"]
[PlyCount "85"]
[EventDate "2020.09.08"]
[WhiteTeam "Sheffield Deaf"]
[BlackTeam "Streatham C"]

1. e4 e5 2. Nf3 Nc6 3. Bb5 a6 4. Bxc6 dxc6 5. O-O Bd6 6. d4 Bg4 7. dxe5 Bxf3 8.
Qxf3 Bxe5 9. Nd2 Nf6 10. Nc4 Qe7 11. Rd1 O-O 12. Bg5 Rfe8 13. Nxe5 Qxe5 14.
Bxf6 gxf6 15. c3 Qxe4 16. Qg3+ Kh8 17. Qxc7 Re7 18. Qd6 Re6 19. Qc7 Rg8 20. g3
Re7 21. Rd7 Rge8 22. Rxe7 Rxe7 23. Qd8+ Kg7 24. Qd2 Qf3 25. Re1 Re4 26. Rxe4
Qxe4 27. b3 a5 28. h3 b5 29. Kh2 a4 30. Qb2 c5 31. bxa4 Qxa4 32. Qe2 Qa6 33.
Qg4+ Kh8 34. Qh5 Kg7 35. Qxc5 Qxa2 36. Qd4 Qc4 37. Qxc4 bxc4 38. Kg2 f5 39. Kf3
Kf6 40. Kf4 h6 41. h4 Ke6 42. f3 f6 43. h5 1-0

[Event "4NCL Online Division 5"]
[Site "online"]
[Date "2020.09.08"]
[Round "2.92"]
[White "Isaacs, Ruairi"]
[Black "Gibson, Stephen"]
[Result "0-1"]
[WhiteElo "1465"]
[BlackElo "1502"]
[PlyCount "36"]
[EventDate "2020.09.08"]
[WhiteTeam "Streatham C"]
[BlackTeam "Sheffield Deaf"]

1. d4 b5 2. e4 a6 3. c4 Bb7 4. Nc3 b4 5. Nd5 e6 6. Ne3 Bxe4 7. Bd3 Nf6 8. Bxe4
Nxe4 9. Qf3 d5 10. cxd5 exd5 11. Nc4 Nc6 12. Bf4 Nxd4 13. Qd1 dxc4 14. Qa4+ Nb5
15. Rd1 Qe7 16. Ne2 Nc5 17. Qxb4 Nd3+ 18. Rxd3 Qxb4+ 0-1

[Event "4NCL Online Division 5"]
[Site "online"]
[Date "2020.09.08"]
[Round "2.93"]
[White "Cooper, Howard"]
[Black "Adatia, Amar"]
[Result "1/2-1/2"]
[WhiteElo "1375"]
[BlackElo "1375"]
[PlyCount "94"]
[EventDate "2020.09.08"]
[WhiteTeam "Sheffield Deaf"]
[BlackTeam "Streatham C"]

1. e4 c5 2. c4 e5 3. Nf3 Nc6 4. a3 d6 5. d3 Bg4 6. Be2 Nf6 7. Nfd2 Bxe2 8. Qxe2
Nd4 9. Qd1 Be7 10. Nf3 Nxf3+ 11. Qxf3 O-O 12. Bd2 Qb6 13. Qd1 Qxb2 14. Nc3 Rab8
15. Qb1 Qxb1+ 16. Rxb1 Rfe8 17. Bg5 Nd7 18. Bxe7 Rxe7 19. Nd5 Ree8 20. O-O g6
21. Rb3 Kg7 22. Rfb1 b6 23. g3 Rbc8 24. Re1 Nf6 25. a4 Nxd5 26. exd5 Rb8 27.
Re4 f5 28. Re1 Re7 29. f3 Kf6 30. Kg2 a5 31. Rb5 g5 32. h3 h5 33. Kf2 f4 34. g4
hxg4 35. hxg4 Rh7 36. Kg2 Ke7 37. Rh1 Rxh1 38. Kxh1 Kd7 39. Kg2 Kc7 40. Kf2 Rh8
41. Kg2 Rh4 42. Rb1 Rh8 43. Rh1 Rxh1 44. Kxh1 Kd7 45. Kg2 Ke7 46. Kf2 Kf6 47.
Kg2 e4 1/2-1/2

[Event "4NCL Online Division 5"]
[Site "online"]
[Date "2020.09.08"]
[Round "2.94"]
[White "McNeil, Eric Dylan"]
[Black "Litherland, Reuben"]
[Result "1-0"]
[WhiteElo "932"]
[BlackElo "1375"]
[PlyCount "131"]
[EventDate "2020.09.08"]
[WhiteTeam "Streatham C"]
[BlackTeam "Sheffield Deaf"]

1. e4 g6 2. d4 d5 3. Nc3 dxe4 4. Nxe4 Bg7 5. Be3 Nf6 6. Bd3 Nc6 7. c3 Bf5 8.
Nxf6+ Bxf6 9. Nf3 Bxd3 10. Qxd3 e5 11. Qb5 Rb8 12. dxe5 a6 13. Qc5 Bg7 14. Rd1
Qe7 15. O-O Qxc5 16. Bxc5 Bxe5 17. Nxe5 Nxe5 18. Rfe1 f6 19. f4 b6 20. Ba3 Kf7
21. fxe5 fxe5 22. Rd7+ Ke6 23. Re7+ Kd5 24. R7xe5+ Kc6 25. b4 Kb7 26. Re7 Rbd8
27. c4 h5 28. Bc1 Rd4 29. Bb2 Rhd8 30. Bxd4 Rxd4 31. R7e4 Rd2 32. a3 Rd8 33.
Re6 Rg8 34. c5 b5 35. h3 g5 36. R6e5 h4 37. Rf1 Kc6 38. Rf6+ Kb7 39. Ree6 Ra8
40. Rg6 a5 41. Rxg5 axb4 42. axb4 Ra1+ 43. Kf2 Ra2+ 44. Kf3 Ra3+ 45. Kg4 Rd3
46. Kf4 Rd2 47. g4 hxg3 48. Rxg3 Rd4+ 49. Re4 Rd8 50. h4 Rf8+ 51. Ke3 Ra8 52.
h5 Ra3+ 53. Kf4 Rxg3 54. Kxg3 Kc6 55. Rf4 Kd5 56. h6 Ke5 57. h7 Kd5 58. h8=Q
Kc6 59. Qh6+ Kd5 60. Qg5+ Kc6 61. Rf6+ Kb7 62. Qd5+ Kb8 63. Rf7 Kc8 64. Qd7+
Kb7 65. Qxc7+ Ka6 66. Qa7# 1-0